000 00413nam a22001697a 4500
003 NUST - PNEC
005 20170116181023.0
008 150915b xxu||||| |||| 00| 0 eng d
040 _cLIBRARY
082 _a621.1 KER
100 _910735
_a Ripper, William
245 _aRipper's Heat engines.
_cWilliam Ripper
250 _a3rd ed.
260 _c1950
650 _910482
_aHeat-engines
_xME
942 _2ddc
_cBK
999 _c67464
_d67464